000 00812nam0a22002291 4500
001 rc\3173840
005 20250530080004.0
035 _a(NLR Aleph) 007309737
090 _a5797424
_c5797424
100 _a20120615d1976 |||y0rusy50 ca
101 0 _arus
102 _aRU
105 _ay z |||||
200 1 _aТезисы докладов
_fМ-во здрав. АзССР. Азерб. науч. о-во фармацевтов. Первый съезд фармацевтов Азербайджана. Баку, 28-30 июня 1976 г.
210 _aБаку
_cБ. и.
_d1976
215 _a236 с.
_d20
710 1 2 _aСъезд фармацевтов Азербайджана (1; 1976; Баку)
801 0 _aRU
_bNLR
_gpsbo
801 1 _aRU
_bELAR
_2rusmarc
852 _aNLR
_j76-3/8813
942 _cBOOK
980 _aNB